书目信息 |
| 题名: |
生物化学与分子生物学原理及应用研究
|
|
| 作者: | 秦立金 , 夏宁 , 罗晓霞 主编 | |
| 分册: | ||
| 出版信息: | 北京 中国原子能出版社 2018.1 |
|
| 页数: | 420页 | |
| 开本: | 26cm | |
| 丛书名: | ||
| 单 册: | ||
| 中图分类: | Q5 , Q7 | |
| 科图分类: | ||
| 主题词: | 生物化学--研究 , 分子生物学--研究 | |
| 电子资源: | ||
| ISBN: | 978-7-5022-8826-6 | |
| 000 | 01234nam0 2200265 450 | |
| 001 | 3618 | |
| 005 | 20181008105652.88 | |
| 010 | @a978-7-5022-8826-6@dCNY98.00 | |
| 100 | @a20180202d2018 em y0chiy0110 ea | |
| 101 | 0 | @achi |
| 102 | @aCN@b110000 | |
| 105 | @ay z 000yy | |
| 200 | 1 | @a生物化学与分子生物学原理及应用研究@9sheng wu hua xue yu fen zi sheng wu xue yuan li ji ying yong yan jiu@f秦立金,夏宁,罗晓霞主编 |
| 210 | @a北京@c中国原子能出版社@d2018.1 | |
| 215 | @a420页@d26cm | |
| 330 | @a随着科学技术的发展,生物化学与分子生物学已成为现代生命科学的基础和前沿。本书对生物化学与分子生物学原理及应用进行了研究,主要内容包括:蛋白质、核酸、酶、生物氧化、营养物质代谢、核苷酸代谢、物质代谢的调节、DNA的生物合成(复制)、RNA的生物合成(转录)、蛋白质生物合成(翻译)、基因表达及其调控、细胞信号转导、肝的生物化学、血液的生物化学、癌基因与抑癌基因、常用分子生物学技术、组学与医学等。本书结构合理,条理清晰,内容丰富新颖,是一本值得学习研究的著作。 | |
| 606 | 0 | @a生物化学@x研究 |
| 606 | 0 | @a分子生物学@x研究 |
| 690 | @aQ5@v5 | |
| 690 | @aQ7@v5 | |
| 701 | 0 | @a秦立金@9qin li jin@4主编 |
| 701 | 0 | @a夏宁@9xia ning@4主编 |
| 701 | 0 | @a罗晓霞@9luo xiao xia@4主编 |
| 801 | 0 | @aCN@b91CIP@c20180202 |
| 905 | @aMuseLib@dQ5@e254 | |
| 生物化学与分子生物学原理及应用研究/秦立金,夏宁,罗晓霞主编.-北京:中国原子能出版社,2018.1 |
| 420页;26cm |
| ISBN 978-7-5022-8826-6:CNY98.00 |
| 随着科学技术的发展,生物化学与分子生物学已成为现代生命科学的基础和前沿。本书对生物化学与分子生物学原理及应用进行了研究,主要内容包括:蛋白质、核酸、酶、生物氧化、营养物质代谢、核苷酸代谢、物质代谢的调节、DNA的生物合成(复制)、RNA的生物合成(转录)、蛋白质生物合成(翻译)、基因表达及其调控、细胞信号转导、肝的生物化学、血液的生物化学、癌基因与抑癌基因、常用分子生物学技术、组学与医学等。本书结构合理,条理清晰,内容丰富新颖,是一本值得学习研究的著作。 |
| ● |
| 相关链接 |
|
|
|
|
正题名:生物化学与分子生物学原理及应用研究
索取号:Q5/254
 
预约/预借
| 序号 | 登录号 | 条形码 | 馆藏地/架位号 | 状态 | 备注 |
| 1 | 1122887 | 211228875 | 第二样本阅览室/ [索取号:Q5/254] | 在馆 | |
| 2 | 1122888 | 211228884 | 第三借阅区/ [索取号:Q5/254] | 在馆 | |
| 3 | 1122889 | 211228893 | 第三借阅区/ [索取号:Q5/254] | 在馆 | |
| 4 | 1122890 | 211228900 | 第三借阅区/ [索取号:Q5/254] | 在馆 | |
| 5 | 1122891 | 211228919 | 密集书库-生命科学系/ [索取号:Q5/254] | 在馆 |